Statistics for Countries in their Native Language

Click here to take the quiz!

General Stats

  • This quiz has been taken 150,854 times
  • The average score is 17 of 24

Answer Stats

NativeEnglish% Correct
Deutschland Germany
98%
Nederland  Netherlands
98%
Polska Poland
98%
España Spain
98%
Italia Italy
97%
Česká RepublikaCzech Republic
93%
Civitas Vaticana Vatican City
90%
Mongol Uls Mongolia
89%
Kypros Cyprus
85%
Schweiz Switzerland
84%
Norge Norway
82%
Österreich Austria
80%
Ísland Iceland
80%
Éire Ireland
75%
Hellas Greece
73%
Nihon Japan
62%
Ityop'ia Ethiopia
60%
Suomi Finland
57%
Hrvatska Croatia
50%
Kampuchea Cambodia
49%
Magyarország Hungary
49%
Al-Jazā'ir Algeria
37%
Aotearoa New Zealand
31%
Miṣr Egypt
20%

Score Distribution

Percentile by Number Answered

Percent of People with Each Score

Your Score History

You have not taken this quiz